00543nam a2200169Ia 4500003000500000008004100005040001900046082000700065100002300072245008600095260003400181300000800215546001200223942001200235999001700247952010900264STCL181203s9999 xx 000 0 und d aSTCLbENcSTCL 222 aBuetow, Harold, A. 0aGod Still Speaks: Listen!; Homily Reflections for Sundays and Holy Days, Cycle B. bSt. Pauls PressaMumbaic2006 a272 aEnglish 2ddccBK c83800d83800 00102ddc4070aSTCALbSTCALcGENd2018-12-03l0o231 BUE-Gp91601r2018-12-03 00:00:00w2018-12-03yBK